Cézanne / (Record no. 112800)

MARC details
000 -LEADER
campo de control de longitud fija 00482nam a2200157 4500
001 - NÚMERO DE CONTROL
campo de control 112800
003 - IDENTIFICADOR DE NÚMERO DE CONTROL
campo de control ES-MaACL
007 - CAMPO FIJO DE DESCRIPCIÓN FÍSICA--INFORMACIÓN GENERAL
campo de control de longitud fija t|
008 - DATOS DE LONGITUD FIJA--INFORMACIÓN GENERAL
campo de control de longitud fija 061121s1948 fr r ||||1| fre d
100 1# - ENTRADA PRINCIPAL--NOMBRE DE PERSONA
Nombre de persona Novotny, Fritz.
9 (RLIN) 86100
245 10 - MENCIÓN DEL TÍTULO
Título Cézanne /
Mención de responsabilidad, etc. par Fritz Novotny; traduit par Antoinette Nordmann.
260 ## - PUBLICACIÓN, DISTRIBUCIÓN, ETC.
Lugar de publicación, distribución, etc. Paris :
Nombre del editor, distribuidor, etc. Phaidon,
Fecha de publicación, distribución, etc. 1948.
300 ## - DESCRIPCIÓN FÍSICA
Extensión 14 p., 14 lám. :
Otras características físicas il. = retr. biogr. ;
Dimensiones 36 cm.
700 1# - ENTRADA AGREGADA--NOMBRE PERSONAL
Nombre de persona Nordmann, Antoinette.
9 (RLIN) 85968
852 ## - LOCALIZACIÓN
Ubicación ES-MaACL
Número de control de estantería B-2904
Sublocalización o colección R.29592
Holdings
Estatus retirado Estado de pérdida Estado de daño No para préstamo Biblioteca de origen Biblioteca actual Ubicación en estantería Fecha de adquisición Fuente de adquisición Total de préstamos Signatura topográfica completa Código de barras Visto por última vez Precio de reemplazo Tipo de ítem Koha
        Biblioteca del Ateneo de Madrid Biblioteca del Ateneo de Madrid Sala Pardo Bazán 17/01/2008     B-2904 1117659 23/02/2023 23/02/2023 Libro impreso